Epidemic modelling: (Record no. 7253)

MARC details
000 -LEADER
fixed length control field 00502nam a22001937a 4500
003 - CONTROL NUMBER IDENTIFIER
control field OSt
005 - DATE AND TIME OF LATEST TRANSACTION
control field 20210921120645.0
008 - FIXED-LENGTH DATA ELEMENTS--GENERAL INFORMATION
fixed length control field 210921b ||||| |||| 00| 0 eng d
020 ## - INTERNATIONAL STANDARD BOOK NUMBER
International Standard Book Number 0521014670
040 ## - CATALOGING SOURCE
Transcribing agency DDC
082 ## - DEWEY DECIMAL CLASSIFICATION NUMBER
Classification number 614.4DAL 1999.
100 ## - MAIN ENTRY--PERSONAL NAME
Personal name Daley,D.J;Gani,J;
9 (RLIN) 14895
245 ## - TITLE STATEMENT
Title Epidemic modelling:
Remainder of title An introduction
260 ## - PUBLICATION, DISTRIBUTION, ETC. (IMPRINT)
Place of publication, distribution, etc. Cambridge
Name of publisher, distributor, etc. Cambridge studies,
Date of publication, distribution, etc. 1999
300 ## - PHYSICAL DESCRIPTION
Extent 231p;
Other physical details ill;
Dimensions 23cm.
504 ## - BIBLIOGRAPHY, ETC. NOTE
Bibliography, etc includes index.
650 ## - SUBJECT ADDED ENTRY--TOPICAL TERM
Topical term or geographic name as entry element biology
9 (RLIN) 5602
942 ## - ADDED ENTRY ELEMENTS (KOHA)
Source of classification or shelving scheme Dewey Decimal Classification
Koha item type Newspaper
Holdings
Withdrawn status Lost status Source of classification or shelving scheme Damaged status Not for loan Home library Current library Date acquired Source of acquisition Inventory number Total Checkouts Full call number Barcode Date last seen Price effective from Koha item type
    Dewey Decimal Classification     MUST Main Library MUST Main Library 21/09/2021 Purchase 04/20925   614.4DAL 1999. 2021-1196 21/09/2021 21/09/2021 Open Shelf
    Dewey Decimal Classification     MUST Main Library MUST Main Library 21/09/2021 Purchase 04/20926   614.4DAL 1999. 2021-1197 21/09/2021 21/09/2021 Open Shelf